01260cam a2200241 a 450000100090000000300040000900500170001300800410003002000180007102000150008903500240010404000070012805000120013510000210014724500740016826000390024230000460028150505040032765000330083194200120086499900160087695201260089215901645OSt20220311131000.0090910s2011 at a b 001 0 eng d a9781285131269 a1285131266 a(OCoLC)ocn555628499 cLC00aP90.C731 aAdler, Ronald B.10aCOM 110: Glendale community college. /cRonald B. Adler … [et. al]. aBoston :bCengage Learning,c2012. axiv, 325 p. :bill. (some col.) ;c26 cm. aContents: A first look at interpersonal communication -- Communication and identity: creating and presenting the self -- Perception: what you see is what you get -- Emotions: feeling, thinking and communicating -- Language: barrier and bridge -- Nonverbal communication: messages beyond words -- Listening: more than meets the ear -- Communication and relational dynamic -- Intimacy and distance in relational communication -- Improving communication climates -- Managing interpersonal conflicts --  0aInterpersonal communication. 2lcccBK c8925d16425 00102lcc4070aWIUC-KLbWIUC-KLcGENd2019-11-14eWIUCl0oP90.C73pK/2206/2206/19r2022-03-11 00:00:00w2022-03-11yBK